000
00274nam a2200109Ia 4500
008
230907s9999||||xx |||||||||||||| ||und||
082
_a
697.9
_b
SOL
245
4
_a
The solar cooling design guide :
260
_a
Ernst & Sohn,
_b
Berlin :
_c
2017
300
_a
139 p.
942
_c
BK
999
_c
599256
_d
599256